| 000 | 01249nam a2200313Ia 4500 | ||
|---|---|---|---|
| 001 | ebr10022589 | ||
| 003 | CaPaEBR | ||
| 006 | m u | ||
| 007 | cr cn||||||||| | ||
| 008 | 991209s2001 wiu sb 001 0 eng d | ||
| 020 | _z0874626765 | ||
| 040 |
_aCaPaEBR _cCaPaEBR |
||
| 035 | _a(OCoLC)133162433 | ||
| 050 | 1 | 4 |
_aB908.B63 _bF74 2001eb |
| 082 | 0 | 4 |
_a191 _221 |
| 100 | 1 |
_aBrownson, Orestes Augustus, _d1803-1876. |
|
| 245 | 1 | 4 |
_aThe free thought and unitarian years, 1830-35 _h[electronic resource] / _cedited by Patrick W. Carey. |
| 260 |
_aMilwaukee, WI : _bMarquette University Press, _c2001. |
||
| 300 | _a463 p. | ||
| 490 | 0 |
_aMarquette studies in theology: the early works of Orestes A. Brownson ; _vv.2 |
|
| 504 | _aIncludes bibliographical references and index. | ||
| 533 |
_aElectronic reproduction. _bPalo Alto, Calif. : _cebrary, _d2009. _nAvailable via World Wide Web. _nAccess may be limited to ebrary affiliated libraries. |
||
| 650 | 0 | _aPhilosophy. | |
| 650 | 0 | _aTheology. | |
| 655 | 7 |
_aElectronic books. _2local |
|
| 700 | 1 |
_aCarey, Patrick W., _d1940- |
|
| 710 | 2 | _aebrary, Inc. | |
| 856 | 4 | 0 |
_uhttp://site.ebrary.com/lib/rucke/Doc?id=10022589 _zAn electronic book accessible through the World Wide Web; click to view |
| 999 |
_c9771 _d9771 |
||